| 000 | 00419nam a2200169 a 4500 | ||
|---|---|---|---|
| 001 | 13462 | ||
| 005 | 20180713201835.0 | ||
| 008 | 140415s1985 000 0 spa d | ||
| 041 | _aspa | ||
| 082 |
_a808.833 _bGRE |
||
| 100 | 1 | _aPASTERNAK, BORIS | |
| 245 | 1 | 0 | _aDOCTOR ZHIVAGO |
| 260 |
_a[s.l.] : _bBANTAM, _c1985 |
||
| 300 | _a500 | ||
| 490 | _aTHE GREATEST HISTORICAL NOVELS | ||
| 650 | 1 | 4 | _aNOVELA |
| 999 |
_c13462 _d13462 |
||